00403nam a2200181Ia 4500003000400000005001700004006001900021007000300040008004100043024001000084037001200094040002000106041001300126082001200139100002900151245003200180260000900212OSt20220928144757.0a|||||r|||| 00| 0 ta220927b |||||||| |||| 00| 0 eng d a76056 cTextual aSDCLcSDCLbeng 2engaeng aR67, L4 aChakravarti V R Srisaila 0aPhilosophy of Sri Ramanuja. c1974